000 00467pab a2200169 454500
008 180718b2007 xxu||||| |||| 00| 0 eng d
100 _aPrebisch, Kerry L.
245 _aLocal produce, foreign labor: labor mobility programs and global trade competitiveness in Canada
260 _c2007
300 _ap.418-49.
362 _aSep
650 _aLabour mobility - Canada
650 _aLabour mobility
773 _aRural Sociology
908 _aN
909 _a76213
999 _c76213
_d76213